Countries Dead By Sunrise Visited - Statistics

General Stats
  • This quiz has been taken 21 times
  • The average score is 9 of 10
Answer Stats
Continent Country % Correct
North America United States of America
100%
Europe France
93%
Europe Germany
93%
Europe Belgium
87%
Europe Italy
87%
Asia Japan
87%
Europe United Kingdom
87%
Europe Netherlands
80%
Europe Switzerland
73%
Asia Taiwan
73%
No matching quizzes found
Score Distribution
Percent of People with Each Score
Percentile by Number Answered
Your Score History
You have not taken this quiz